LEADER 01504nam a2200301 u 4500 001 000000111725 003 CaOOAMICUS 005 20080519140942.0 008 080519s2008 it u000 u ita u 020 $z978-88-217-2731-3* 040 $aPUL$bita$dLDB 100 1 $aVasapolli, Guido.$0(OLS)http://pul/name/68696 245 10$aDal bilancio d'esercizio al reddito d'impresa /$cGuido Vasapolli, Andrea Vasapolli. 250 $a15. ed. 260 $aMilano :$bIpsoa,$c2008. 300 $alxi, 2050 p. ;$c24 cm +$eCD-Rom 490 1 $aContabilità e bilancio 500 $aSul front. : Aggiornato con: Finanziaria 2008, nuove disposizioni IRAP, società di comodo, costi delle autovetture, leasing, relazione sulla gestione. 650 4$aBilancio.$0(OLS)http://pul/subject/24358 700 1 $aVasapolli, Andrea.$0(OLS)http://pul/name/68695 830 0$aContabilità e bilancio.$0(OLS)http://pul/title/140524 850 $aPUL 852 $aPUL$W1$xSL Diritto e Scienze Sociali 3$y79$m346. 45 VASGU 1$j128024$qDDC 21$B126765$CPULBib$Z2$F126765 $H107505 $82 852 $aPUL$W1$xSL Diritto e Scienze Sociali 3$y79$m346. 45 VASGU 1CD$j128025$aCD-Rom$qDDC 21$B126766$CPULBib$Z2$F126766 $H107506 $82 941 1 $a9 996 $6020$z978-88-217-2731-3*$9(OLS)http://pul/number/138081 996 $6245$aDal bilancio d'esercizio al reddito d'impresa$9(OLS)http://pul/title/140523 996 $6260$aMilano :$bIpsoa$9(OLS)http://pul/publisher/67046 LEADER 01300nam a2200301 i 4500 001 000000105985 003 CaOOAMICUS 005 20070704103618.0 008 070703s1928 it b u000 u ita r 040 $aPUL$bita$dGP 100 0 $aAristoteles,$d384-322 a.C.$0(OLS)http://pul/name/792 245 13$aLa metafisica /$cAristotele ; traduzione e commento a cura di Armando Carlini. 260 $aBari :$bLaterza,$c1928. 300 $a490 p. ;$c20 cm. 490 1 $aFilosofi antichi e medievali 700 1 $aCarlini, Armando,$d1878-1959.$0(OLS)http://pul/name/3657 700 0 $aAristoteles,$d384-322 a.C.$tMetaphysica.$lLatino.$0(OLS)http://pul/nameTitle/522$0(OLS)http://pul/name/792$0(OLS)http://pul/title/133490 830 0$aFilosofi antichi e medievali.$0(OLS)http://pul/title/8188 850 $aPUL 852 $aPUL$W1$xDP2 Filosofia 1$y62$m82 F 32$j119011$qStampati$B118888$CPULBib$Z2$F118888 $82 900 $aAristotle,$d 384-322 a.C.$9792 900 $aAristotele,$d384-322 a.C.$9792 900 $aAristotle,$d 384-322 a.C.$9792 900 $aAristotele,$d384-322 a.C.$9792 941 1 $a8 961 $aTimbri: Bibliotheca P. Athenaeum Seminarii Rom. 996 $6245$aLa metafisica$9(OLS)http://pul/title/5066 996 $6260$aBari :$bLaterza$9(OLS)http://pul/publisher/47895